书目信息 |
| 题名: |
病理语言学
|
|
| 作者: | 哈平安 , 刘艳虹 著 | |
| 分册: | ||
| 出版信息: | 北京 北京师范大学出版社 1998 |
|
| 页数: | 295页 | |
| 开本: | 20cm | |
| 丛书名: | ||
| 单 册: | ||
| 中图分类: | R767.920.2 , R767.920 | |
| 科图分类: | ||
| 主题词: | 本书共九个部分,包括绪论、言语能力及其发展、言语障碍及其分类、发音障碍、声音障碍、失语症、发展性语言障碍等。 , 病理学--语言医学 , 病理学 , 语言医学 | |
| 电子资源: | ||
| ISBN: | 7-303-04694-1 | |
| 000 | 00878nam0 2200277 450 | |
| 001 | 1559629244 | |
| 005 | 20150129163415.22 | |
| 010 | @a7-303-04694-1@dCNY12.00 | |
| 100 | @a20040111d1998 em y0chiy0110 ea | |
| 101 | 0 | @achi |
| 102 | @aCN@b110000 | |
| 105 | @aa z 000yy | |
| 200 | 1 | @a病理语言学@9bing li yu yan xue@f哈平安, 刘艳虹著 |
| 210 | @a北京@c北京师范大学出版社@d1998 | |
| 215 | @a295页@c图@d20cm | |
| 330 | @a北京师范大学教材专著出版委员会 北京师范大学出版社资助 | |
| 606 | 0 | @a本书共九个部分,包括绪论、言语能力及其发展、言语障碍及其分类、发音障碍、声音障碍、失语症、发展性语言障碍等。 |
| 606 | 0 | @a病理学@x语言医学 |
| 606 | 0 | @a病理学 |
| 606 | 0 | @a语言医学 |
| 690 | @aR767.920.2@v5 | |
| 690 | @aR767.920@v4 | |
| 701 | 0 | @a哈平安@9ha ping an@4著 |
| 701 | 0 | @a刘艳虹@9liu yan hong@4著 |
| 801 | 0 | @aCN@bTSSF@c20150129 |
| 905 | @aZUCC@dR767.920@eJY1 | |
| 病理语言学/哈平安, 刘艳虹著.-北京:北京师范大学出版社,1998 |
| 295页:图;20cm |
| ISBN 7-303-04694-1:CNY12.00 |
| 北京师范大学教材专著出版委员会 北京师范大学出版社资助 |
| ● |
| 相关链接 |
|
|
|
|
正题名:病理语言学
索取号:R767.920/JY1
 
预约/预借
| 序号 | 登录号 | 条形码 | 馆藏地/架位号 | 状态 | 备注 |
| 1 | 7844731 | 278447316 | 学院路分馆/ [索取号:R767.920/JY1] | 在馆 | |
| 2 | 7844738 | 278447389 | 学院路分馆/ [索取号:R767.920/JY1] | 在馆 |